Serialità televisiva e prospettiva femminile: The L word : tesi di laurea in Teoria e tecnica dei nuovi media /

Uloženo v:
Podrobná bibliografie
Hlavní autor: Zuliani, Clara (Autor)
Další autoři: Pescatore, Guglielmo, Innocenti, Veronica
Médium: Kniha
Jazyk:italština
Vydáno: A.a. 2006-2007
Tagy: Přidat tag
Žádné tagy, Buďte první, kdo vytvoří štítek k tomuto záznamu!

MARC

LEADER 00000nam a22000007i 4500
001 IT\ICCU\UBO\3356465
003 ItRI
005 20260124192843.0
008 080118m20062007it |||||| ||||| |||||c
040 |b ita  |c importazione bologna sebina 
041 7 |a ita  |2 ISO-639-2 
100 1 |a Zuliani, Clara  |0 IT\ICCU\UBOV\218767  |4 aut 
245 1 0 |a Serialità televisiva e prospettiva femminile: The L word :  |b tesi di laurea in Teoria e tecnica dei nuovi media /  |c presentata da: Clara Zuliani ; relatore: Guglielmo Pescatore ; correlatrice: Veronica Innocenti. 
260 |c A.a. 2006-2007 
300 |a 128 p. ;  |c 30 cm 
500 |a In testa al front.: Università degli Studi di Bologna, Facoltà di Lettere e filosofia, Corso di laurea in Dams. 
700 1 |a Pescatore, Guglielmo  |0 IT\ICCU\CFIV\154181 
700 1 |a Innocenti, Veronica  |0 IT\ICCU\UBOV\853298 
942 |2 ddc  |c TS  |n 0 
952 |0 0  |1 0  |4 0  |6 TESI_791_457000000000000_ZUL  |7 0  |9 22803  |a BO  |b BO  |d 2026-01-15  |i 11133  |l 0  |o TESI 791.457 ZUL  |p BO11133  |r 2026-01-15 23:22:38  |w 2026-01-15  |x [Sebina 7] [1 v. (2. copia)]  |y TS  |z 1 v. (2. copia) 
952 |0 0  |1 0  |4 0  |6 TESI_791_457000000000000_ZUL  |7 0  |9 22804  |a BO  |b BO  |d 2026-01-15  |i 11701  |l 0  |o TESI 791.457 ZUL  |p BO11701  |r 2026-01-15 23:22:38  |w 2026-01-15  |x [Sebina 7] [1 v.]  |y TS  |z 1 v. 
999 |c 19464  |d 19464